000 00454nam a2200193Ia 4500
008 101110s9999 xx 000 0 und d
041 _aMARATHI
082 _bSR19144
100 _aNanduskar M.D.
245 _aSahityasuchi : Diwali 1985
365 _b25
520 _aMarathi
546 _aMARATHI
630 _aSahityasuchi : Diwali 1985
650 _aMarathi
655 _aMarathi
730 _aSahityasuchi : Diwali 1985
942 _cBOOK
999 _c812493
_d812490